[Event "1. Bl. 0607"]
[Site "?"]
[Date "2006.11.03"]
[Round "1.2"]
[White "Dizdar, Goran"]
[Black "Likavsky, Tomas"]
[Result "1-0"]
[WhiteElo "2541"]
[BlackElo "2492"]
[PlyCount "83"]
[EventDate "2006.11.03"]
[EventType "team"]
[EventRounds "11"]
[EventCountry "AUT"]
[WhiteTeam "SpG Absam / ISK"]
[BlackTeam "ASVOe Wulkaprodersdorf"]

1. Nf3 c5 2. c4 Nf6 3. Nc3 Nc6 4. g3 d5 5. d4 Bf5 6. cxd5 Nxd5 7. Bg2 Ndb4 8.
e4 Bg4 9. d5 Nd4 10. O-O g6 11. Be3 Nbc2 12. Bxd4 Nxd4 13. Qa4+ Bd7 14. Qc4 Qb6
15. Ne5 Qb4 16. Qd3 Bc8 17. d6 e6 18. Nc4 b5 19. Nd2 Qxb2 20. e5 Rb8 21. Nce4
Bg7 22. Rab1 Qxa2 23. Nxc5 Bxe5 24. d7+ Ke7 25. Qe3 Bg7 26. dxc8=Q Rhxc8 27.
Nce4 a5 28. Nb3 Nxb3 29. Qa7+ Kf8 30. Nd6 Kg8 31. Qxf7+ Kh8 32. Nxc8 Rxc8 33.
Qxe6 Rf8 34. Qxb3 Qxb3 35. Rxb3 b4 36. Bc6 Rc8 37. Re1 Rxc6 38. Re8+ Bf8 39.
Rxf8+ Kg7 40. Ra8 Rc5 41. Kf1 Rc8 42. Rb1 1-0

[Event "1. Bl. 0607"]
[Site "?"]
[Date "2006.11.03"]
[Round "1.3"]
[White "Polzin, Rainer"]
[Black "Teske, Henrik"]
[Result "1/2-1/2"]
[WhiteElo "2470"]
[BlackElo "2524"]
[PlyCount "21"]
[EventDate "2006.11.03"]
[EventType "team"]
[EventRounds "11"]
[EventCountry "AUT"]
[WhiteTeam "ASVOe Wulkaprodersdorf"]
[BlackTeam "SpG Absam / ISK"]

1. e4 e5 2. Nf3 Nf6 3. Nxe5 d6 4. Nf3 Nxe4 5. Nc3 Nxc3 6. dxc3 Nc6 7. Bf4 Bg4
8. Be2 Be7 9. Qd2 Qd7 10. h3 Be6 11. Nd4 1/2-1/2

[Event "1. Bl. 0607"]
[Site "?"]
[Date "2006.11.03"]
[Round "1.4"]
[White "Pilz, Dieter"]
[Black "Sommerbauer, Norbert"]
[Result "1/2-1/2"]
[WhiteElo "2325"]
[BlackElo "2463"]
[PlyCount "40"]
[EventDate "2006.11.03"]
[EventType "team"]
[EventRounds "11"]
[EventCountry "AUT"]
[WhiteTeam "SpG Absam / ISK"]
[BlackTeam "ASVOe Wulkaprodersdorf"]

1. e4 c5 2. Nf3 e6 3. Nc3 Nc6 4. Bb5 Nge7 5. O-O a6 6. Bxc6 Nxc6 7. d4 cxd4 8.
Nxd4 Qc7 9. Nxc6 bxc6 10. Re1 Bd6 11. Qh5 Be5 12. f4 Bd4+ 13. Kh1 O-O 14. e5 f6
15. exf6 Rxf6 16. Ne4 Rf5 17. Qd1 Bb6 18. c4 d5 19. Ng5 Qd6 20. b3 Bd7 1/2-1/2

[Event "1. Bl. 0607"]
[Site "?"]
[Date "2006.11.03"]
[Round "1.6"]
[White "Gerhold, Michael"]
[Black "Volkmann, Friedrich Karl"]
[Result "0-1"]
[WhiteElo "2218"]
[BlackElo "2418"]
[PlyCount "80"]
[EventDate "2006.11.03"]
[EventType "team"]
[EventRounds "11"]
[EventCountry "AUT"]
[WhiteTeam "SpG Absam / ISK"]
[BlackTeam "ASVOe Wulkaprodersdorf"]

1. Nf3 d5 2. d4 Nf6 3. c4 c6 4. Nc3 e6 5. Bg5 Nbd7 6. e3 Qa5 7. cxd5 Nxd5 8.
Qd2 Bb4 9. Rc1 h6 10. Bh4 O-O 11. Bd3 e5 12. a3 Bxc3 13. bxc3 exd4 14. cxd4
Qxa3 15. O-O N7b6 16. e4 Nf4 17. Qxf4 Qxd3 18. Rfd1 Qb3 19. d5 cxd5 20. Nd4 Qb4
21. e5 Re8 22. Rd3 Bd7 23. Rg3 Rac8 24. Rd1 Rc6 25. Rxg7+ Kxg7 26. Nf5+ Bxf5
27. Bf6+ Kh7 28. Qxb4 Rc4 29. Qa3 Ra4 30. Qd6 Be6 31. h3 Rg8 32. Kh2 Ra2 33.
Rd3 Nc4 34. Qe7 Nd2 35. g3 Ne4 36. Rf3 Nxf2 37. Kg1 Nxh3+ 38. Kf1 Rc8 39. Bg5
Nxg5 40. Re3 Rc1+ 0-1

[Event "1. Bl. 0607"]
[Site "?"]
[Date "2006.11.03"]
[Round "1.3"]
[White "Schwaninger, Wolfgang"]
[Black "Kosten, Anthony C"]
[Result "0-1"]
[WhiteElo "2210"]
[BlackElo "2534"]
[PlyCount "60"]
[EventDate "2006.11.03"]
[EventType "team"]
[EventRounds "11"]
[EventCountry "AUT"]
[WhiteTeam "SV Tschaturanga Neubau"]
[BlackTeam "SpG Holz Dohr   Semriach"]

1. d4 Nf6 2. Nf3 e6 3. Bf4 d5 4. e3 c5 5. Be2 Nc6 6. c3 Bd6 7. Bxd6 Qxd6 8.
Nbd2 O-O 9. O-O e5 10. dxe5 Nxe5 11. Nxe5 Qxe5 12. Qa4 Bd7 13. Qh4 Rfe8 14.
Rfd1 Bf5 15. Nf3 Qc7 16. Bd3 Bd7 17. Rac1 Bc6 18. b3 h6 19. Qg3 Qxg3 20. hxg3
a5 21. c4 Rad8 22. cxd5 Rxd5 23. Bc4 Rxd1+ 24. Rxd1 b5 25. Be2 Ne4 26. Rc1 b4
27. Bd3 Nc3 28. a3 Rd8 29. Bc4 Bxf3 30. gxf3 bxa3 0-1

[Event "1. Bl. 0607"]
[Site "?"]
[Date "2006.11.03"]
[Round "1.5"]
[White "Lenz, Alarich"]
[Black "Karner, Christoph"]
[Result "0-1"]
[WhiteElo "2213"]
[BlackElo "2319"]
[PlyCount "70"]
[EventDate "2006.11.03"]
[EventType "team"]
[EventRounds "11"]
[EventCountry "AUT"]
[WhiteTeam "SV Tschaturanga Neubau"]
[BlackTeam "SpG Holz Dohr   Semriach"]

1. d4 Nf6 2. c4 g6 3. Nc3 Bg7 4. e4 d6 5. Be2 O-O 6. Bg5 Na6 7. Qd2 e5 8. d5 c6
9. f3 cxd5 10. cxd5 Bd7 11. g4 Nc5 12. Nh3 h6 13. Be3 Ne8 14. Nf2 f5 15. gxf5
gxf5 16. Bxh6 fxe4 17. Bxg7 Nxg7 18. Ncxe4 Nxe4 19. Nxe4 Qh4+ 20. Ng3 Rac8 21.
Rc1 Rxc1+ 22. Qxc1 Bh3 23. Qe3 Nf5 24. Qe4 Qh6 25. Rg1 Kh8 26. f4 Nd4 27. Nh5
Bf5 28. Qg2 exf4 29. Qf2 Nc2+ 30. Kd1 Bh7 31. Bf3 Ne3+ 32. Kd2 Nc4+ 33. Kd1 Ne5
34. Qd4 Bg6 35. Rg4 Bxh5 0-1

[Event "1. Bl. 0607"]
[Site "?"]
[Date "2006.11.03"]
[Round "1.6"]
[White "Watzka, Horst"]
[Black "Zsifkovits, Robert"]
[Result "1-0"]
[WhiteElo "2316"]
[BlackElo "2172"]
[PlyCount "61"]
[EventDate "2006.11.03"]
[EventType "team"]
[EventRounds "11"]
[EventCountry "AUT"]
[WhiteTeam "SpG Holz Dohr   Semriach"]
[BlackTeam "SV Tschaturanga Neubau"]

1. e4 e5 2. Nf3 Nf6 3. Nxe5 d6 4. Nf3 Nxe4 5. d4 d5 6. Bd3 Nc6 7. O-O Be7 8. c4
Nb4 9. cxd5 Nxd3 10. Qxd3 Qxd5 11. Re1 Bf5 12. Ne5 g6 13. Nc3 Nxc3 14. Qxc3 f6
15. Nc4 Qd7 16. d5 O-O 17. Bh6 Rf7 18. Rad1 Bd6 19. h3 g5 20. Nxd6 Qxd6 21. Qf3
Bd7 22. h4 gxh4 23. Qh5 Re7 24. Rxe7 Qxe7 25. Qxh4 Bf5 26. Qg3+ Bg6 27. Rc1 Rd8
28. Qxc7 Qxc7 29. Rxc7 Rxd5 30. Rg7+ Kh8 31. Rxb7 1-0

[Event "1. Bl. 0607"]
[Site "?"]
[Date "2006.11.03"]
[Round "1.1"]
[White "Gyimesi, Zoltan"]
[Black "Schlosser, Philipp"]
[Result "1/2-1/2"]
[WhiteElo "2611"]
[BlackElo "2562"]
[PlyCount "62"]
[EventDate "2006.11.03"]
[EventType "team"]
[EventRounds "11"]
[EventCountry "AUT"]
[WhiteTeam "Union Ansfelden"]
[BlackTeam "SK Sparkasse Jenbach"]

1. d4 Nf6 2. c4 e6 3. Nf3 d5 4. Nc3 c6 5. Bg5 h6 6. Bxf6 Qxf6 7. e3 Nd7 8. Bd3
dxc4 9. Bxc4 g6 10. O-O Bg7 11. b4 O-O 12. a4 e5 13. a5 exd4 14. exd4 Rd8 15.
Qb3 Nf8 16. Rfe1 Be6 17. Rad1 b5 18. axb6 axb6 19. b5 Bxc4 20. Qxc4 Rac8 21.
Qb3 Re8 22. h3 Rxe1+ 23. Rxe1 Ne6 24. bxc6 Rxc6 25. Ne4 Qd8 26. d5 Nc5 27. Qd1
Rc7 28. Nxc5 bxc5 29. d6 Rd7 30. Qd5 Rxd6 31. Qxc5 Rd1 1/2-1/2

[Event "1. Bl. 0607"]
[Site "?"]
[Date "2006.11.03"]
[Round "1.5"]
[White "Stanec, Nikolaus"]
[Black "Schwarz, Michael"]
[Result "1-0"]
[WhiteElo "2504"]
[BlackElo "2402"]
[PlyCount "121"]
[EventDate "2006.11.03"]
[EventType "team"]
[EventRounds "11"]
[EventCountry "AUT"]
[WhiteTeam "Union Ansfelden"]
[BlackTeam "SK Sparkasse Jenbach"]

1. Nf3 d6 2. g3 e5 3. d3 g6 4. Bg2 Bg7 5. O-O Ne7 6. c4 O-O 7. Nc3 c6 8. e4 f5
9. exf5 Nxf5 10. Re1 Na6 11. Rb1 Nc5 12. b4 Ne6 13. b5 c5 14. Nd5 Bh6 15. g4
Bxc1 16. gxf5 Nf4 17. Rxc1 Nxd5 18. cxd5 Bxf5 19. Qd2 Qd7 20. a4 Bh3 21. Rc4
Bxg2 22. Kxg2 Qf7 23. Ng5 Qxd5+ 24. Kg1 Rf5 25. Rh4 Raf8 26. Ne4 Qe6 27. Qh6
Qe7 28. Nxd6 Rxf2 29. Ne4 R2f5 30. Ng3 Rg5 31. Rf1 Rf4 32. Re1 Rf7 33. Rhe4 Qf6
34. R4e2 Qf4 35. Qh3 Qd4+ 36. Kh1 Qd5+ 37. Ne4 Rgf5 38. Re3 b6 39. Qg2 Qd4 40.
Rg3 Rf4 41. Rg1 Qxa4 42. Ng5 Rf2 43. Qd5 Qa2 44. Qxa2 Rxa2 45. Nxf7 Kxf7 46.
Re1 Rb2 47. Rxe5 Kf6 48. Re1 Rxb5 49. Rf3+ Kg5 50. Re7 a5 51. Rxh7 a4 52. Kg2
Rb4 53. h3 Rb1 54. Kg3 Rg1+ 55. Kf2 Rb1 56. Rg3+ Kf5 57. Ke3 a3 58. Rf7+ Ke6
59. Ra7 Rb3 60. Rxg6+ Kd5 61. Rh7 1-0

[Event "1. Bl. 0607"]
[Site "?"]
[Date "2006.11.03"]
[Round "1.6"]
[White "Hoellrigl, Wilfried"]
[Black "Klinger, Josef"]
[Result "0-1"]
[WhiteElo "2256"]
[BlackElo "2429"]
[PlyCount "56"]
[EventDate "2006.11.03"]
[EventType "team"]
[EventRounds "11"]
[EventCountry "AUT"]
[WhiteTeam "SK Sparkasse Jenbach"]
[BlackTeam "Union Ansfelden"]

1. e4 c5 2. Nf3 e6 3. c3 d5 4. e5 Bd7 5. d4 Qb6 6. a3 Bb5 7. b4 cxb4 8. Bxb5+
Qxb5 9. cxb4 a5 10. Nc3 Qc4 11. Bd2 axb4 12. axb4 Rxa1 13. Qxa1 Bxb4 14. Qa8
Qc8 15. O-O Bxc3 16. Bxc3 Ne7 17. Rb1 O-O 18. Qxb7 Qxc3 19. Qxe7 Nc6 20. Qh4
Qc2 21. Ra1 Qb2 22. Re1 Ra8 23. h3 h6 24. Qf4 Ra2 25. Qe3 Ne7 26. Kf1 Nf5 27.
Qe2 Qb3 28. Qd1 Qb5+ 0-1

[Event "1. Bl. 0607"]
[Site "?"]
[Date "2006.11.03"]
[Round "1.3"]
[White "Stohl, Igor"]
[Black "Atlas, Valeri"]
[Result "1/2-1/2"]
[WhiteElo "2549"]
[BlackElo "2488"]
[PlyCount "32"]
[EventDate "2006.11.03"]
[EventType "team"]
[EventRounds "11"]
[EventCountry "AUT"]
[WhiteTeam "Styria Graz   KlZeitung"]
[BlackTeam "SK Hohenems"]

1. d4 Nf6 2. c4 c5 3. Nf3 cxd4 4. Nxd4 b6 5. Nc3 Bb7 6. f3 d6 7. e4 e6 8. Be3
Be7 9. Be2 O-O 10. O-O Nbd7 11. Qd2 Qc7 12. Rfd1 Rad8 13. Rac1 Qb8 14. Bf1 Rfe8
15. Kh1 Ne5 16. Qf2 Bc8 1/2-1/2

[Event "1. Bl. 0607"]
[Site "?"]
[Date "2006.11.03"]
[Round "1.2"]
[White "Ragger, Markus"]
[Black "Horvath, Csaba"]
[Result "1/2-1/2"]
[WhiteElo "2487"]
[BlackElo "2538"]
[PlyCount "34"]
[EventDate "2006.11.03"]
[EventType "team"]
[EventRounds "11"]
[EventCountry "AUT"]
[WhiteTeam "SK KlZtg MPOe Maria Saal"]
[BlackTeam "SC Die Klagenfurter"]

1. e4 c5 2. Nf3 e6 3. d4 cxd4 4. Nxd4 a6 5. c4 Nf6 6. Nc3 Bb4 7. Bd3 Qc7 8.
Nde2 Be7 9. O-O d6 10. f4 Nbd7 11. Be3 b6 12. Rc1 Bb7 13. f5 Ng4 14. Bd4 Bf6
15. fxe6 fxe6 16. Kh1 O-O 17. Nf4 Bxd4 1/2-1/2

[Event "1. Bl. 0607"]
[Site "?"]
[Date "2006.11.03"]
[Round "1.4"]
[White "Tratar, Marko"]
[Black "Pilaj, Herwig"]
[Result "1-0"]
[WhiteElo "2478"]
[BlackElo "2373"]
[PlyCount "102"]
[EventDate "2006.11.03"]
[EventType "team"]
[EventRounds "11"]
[EventCountry "AUT"]
[WhiteTeam "SK KlZtg MPOe Maria Saal"]
[BlackTeam "SC Die Klagenfurter"]

1. Nf3 d5 2. d4 Nf6 3. c4 c6 4. e3 Bg4 5. Nc3 e6 6. h3 Bxf3 7. Qxf3 Nbd7 8. Bd3
Bd6 9. O-O O-O 10. Rd1 Re8 11. Qe2 Qe7 12. Bd2 Bc7 13. Rac1 a6 14. a3 Rad8 15.
Qf1 Bb8 16. g3 e5 17. cxd5 cxd5 18. Ne2 e4 19. Bc2 Rc8 20. Bb3 h5 21. Rxc8 Rxc8
22. Rc1 Re8 23. Bb4 Qe6 24. Qg2 g6 25. Nf4 Qf5 26. Ba4 Kg7 27. Ba5 b5 28. Bb3
Bd6 29. Rc6 Bxf4 30. gxf4 Re6 31. Rxe6 Qxe6 32. Kh2 Kh7 33. Qg5 Qc6 34. Kg2 Qe6
35. Bc7 Qf5 36. Qxf5 gxf5 37. Kf1 Kg7 38. Ke2 Kf8 39. Bd6+ Ke8 40. Kd2 Nb6 41.
Be5 Ke7 42. Bxf6+ Kxf6 43. h4 a5 44. Bd1 Nc4+ 45. Kc3 Kg6 46. Be2 Nd6 47. Kb3
Kh6 48. Bxb5 Nxb5 49. Ka4 Nd6 50. Kxa5 Kg6 51. a4 Kf6 1-0

[Event "1. Bl. 0607"]
[Site "?"]
[Date "2006.11.03"]
[Round "1.5"]
[White "Moser, Guenter"]
[Black "Diermair, Andreas"]
[Result "1/2-1/2"]
[WhiteElo "2369"]
[BlackElo "2391"]
[PlyCount "51"]
[EventDate "2006.11.03"]
[EventType "team"]
[EventRounds "11"]
[EventCountry "AUT"]
[WhiteTeam "SC Die Klagenfurter"]
[BlackTeam "SK KlZtg MPOe Maria Saal"]

1. d4 Nf6 2. Nf3 e6 3. g3 d5 4. Bg2 Be7 5. O-O O-O 6. b3 c5 7. c3 Nc6 8. Bb2
Bd7 9. e3 Rc8 10. Ne5 Qc7 11. Nxd7 Qxd7 12. Nd2 e5 13. dxe5 Nxe5 14. Nf3 Nc6
15. Qe2 Rfd8 16. c4 dxc4 17. Qxc4 h6 18. Nh4 a6 19. Ng6 b5 20. Nxe7+ Qxe7 21.
Bxf6 Qxf6 22. Qxc5 Ne5 23. Qb4 Nd3 24. Qd2 Nc1 25. Qa5 Nd3 26. Qd2 1/2-1/2

[Event "1. Bl. 0607"]
[Site "?"]
[Date "2006.11.03"]
[Round "1.6"]
[White "Hoelzl, Franz"]
[Black "Genser, Harald"]
[Result "1/2-1/2"]
[WhiteElo "2353"]
[BlackElo "2334"]
[PlyCount "95"]
[EventDate "2006.11.03"]
[EventType "team"]
[EventRounds "11"]
[EventCountry "AUT"]
[WhiteTeam "SK KlZtg MPOe Maria Saal"]
[BlackTeam "SC Die Klagenfurter"]

1. c4 e6 2. Nc3 d5 3. d4 Nf6 4. Bg5 Be7 5. e3 O-O 6. Qb3 c6 7. Nf3 Nbd7 8. Rc1
b6 9. Be2 Bb7 10. O-O c5 11. cxd5 Nxd5 12. Bxe7 Qxe7 13. dxc5 Nxc5 14. Qa3 Rfc8
15. Nd4 a5 16. Nxd5 Bxd5 17. Rc2 Qf8 18. Rfc1 Bb7 19. Nb3 Na6 20. Qxf8+ Kxf8
21. Nd2 Nb4 22. Rxc8+ Rxc8 23. Rxc8+ Bxc8 24. a3 Nd5 25. e4 Nc7 26. Kf1 Ke7 27.
Nc4 Na8 28. Ke1 Bb7 29. f3 f6 30. Kd2 Kd7 31. Bd3 h6 32. h4 Kc7 33. e5 fxe5 34.
Nxe5 Kd6 35. Nc4+ Kc5 36. Kc3 Bd5 37. b4+ axb4+ 38. axb4+ Kc6 39. Ne5+ Kd6 40.
Kd4 Nc7 41. g4 b5 42. f4 Bg2 43. Be4 Bxe4 44. Kxe4 Nd5 45. Nd3 Nc3+ 46. Kd4
Ne2+ 47. Ke3 Nc3 48. Kd4 1/2-1/2

[Event "1. Bl. 0607"]
[Site "?"]
[Date "2006.11.03"]
[Round "1.2"]
[White "Siebrecht, Sebastian"]
[Black "Horvath, Peter"]
[Result "1-0"]
[WhiteElo "2457"]
[BlackElo "2451"]
[PlyCount "49"]
[EventDate "2006.11.03"]
[EventType "team"]
[EventRounds "11"]
[EventCountry "AUT"]
[WhiteTeam "SK Advisory Invest Baden"]
[BlackTeam "SK Leoben"]

1. d4 d5 2. Nf3 Nf6 3. e3 c5 4. dxc5 e6 5. c4 Bxc5 6. a3 O-O 7. Nc3 a6 8. b4
Ba7 9. Bb2 Nc6 10. h3 dxc4 11. Bxc4 b5 12. Bd3 Bb7 13. O-O Qe7 14. Rc1 Rac8 15.
Qe2 Bb8 16. Ne4 Nxe4 17. Bxe4 f5 18. Bb1 Kh8 19. e4 Qf7 20. Rfd1 Rcd8 21. Rxd8
Rxd8 22. Rd1 Rf8 23. exf5 exf5 24. Ng5 Qc7 25. Qh5 1-0

[Event "1. Bl. 0607"]
[Site "?"]
[Date "2006.11.03"]
[Round "1.3"]
[White "Bachler, Reinhard"]
[Black "Loeffler, Stefan"]
[Result "0-1"]
[WhiteElo "2270"]
[BlackElo "2448"]
[PlyCount "70"]
[EventDate "2006.11.03"]
[EventType "team"]
[EventRounds "11"]
[EventCountry "AUT"]
[WhiteTeam "SK Leoben"]
[BlackTeam "SK Advisory Invest Baden"]

1. f4 d5 2. c3 c5 3. d3 Nf6 4. Qc2 d4 5. e4 dxe3 6. Bxe3 Qc7 7. Na3 Bf5 8. h3
Nd5 9. Bd2 e5 10. g4 Bd7 11. f5 Bc6 12. Bg2 Nb4 13. cxb4 Bxg2 14. Rh2 Bd5 15.
Re2 Nc6 16. Bc3 O-O-O 17. b5 Nd4 18. Bxd4 exd4 19. O-O-O h5 20. gxh5 Rxh5 21.
Rf1 Bd6 22. Nc4 Bf4+ 23. Kb1 Rxf5 24. Ref2 Rg5 25. Qd1 Be3 26. Rf5 Rxf5 27.
Rxf5 Qg3 28. Nxe3 dxe3 29. Qf1 c4 30. Ne2 Qg6 31. Nc1 cxd3 32. Nxd3 e2 33. Qc1+
Kb8 34. Qf4+ Ka8 35. Kc2 Be6 0-1

[Event "1. Bl. 0607"]
[Site "?"]
[Date "2006.11.03"]
[Round "1.4"]
[White "Lendwai, Reinhard"]
[Black "Schade, Wolfgang"]
[Result "1-0"]
[WhiteElo "2428"]
[BlackElo "2206"]
[PlyCount "81"]
[EventDate "2006.11.03"]
[EventType "team"]
[EventRounds "11"]
[EventCountry "AUT"]
[WhiteTeam "SK Advisory Invest Baden"]
[BlackTeam "SK Leoben"]

1. e4 d6 2. d4 Nf6 3. Bd3 e5 4. d5 g6 5. c4 Bg7 6. Nc3 O-O 7. Nge2 Nbd7 8. h3
Nc5 9. Bc2 a5 10. Bg5 c6 11. O-O Qc7 12. Qd2 Ne8 13. Rad1 f6 14. Be3 Nd7 15.
dxc6 bxc6 16. Na4 Kh8 17. c5 dxc5 18. Bb3 f5 19. exf5 gxf5 20. f4 Nef6 21. fxe5
Ne4 22. Qc2 Qxe5 23. Nf4 Re8 24. Rfe1 Ndf6 25. Nd3 Qg3 26. Bf4 Qh4 27. Naxc5 h6
28. Ne5 Rxe5 29. Bxe5 Ba6 30. Nxa6 Rxa6 31. Rf1 Qg5 32. Rd8+ Kh7 33. Bf4 Qh4
34. Be6 Qh5 35. Qc4 Ra7 36. Qxc6 Re7 37. Qc8 Kg6 38. Be5 f4 39. Bxf4 Rxe6 40.
Qxe6 Qc5+ 41. Kh2 1-0

[Event "1. Bl. 0607"]
[Site "?"]
[Date "2006.11.03"]
[Round "1.5"]
[White "Kreisl, Robert"]
[Black "Baumegger, Siegfried"]
[Result "1/2-1/2"]
[WhiteElo "2289"]
[BlackElo "2418"]
[PlyCount "55"]
[EventDate "2006.11.03"]
[EventType "team"]
[EventRounds "11"]
[EventCountry "AUT"]
[WhiteTeam "SK Leoben"]
[BlackTeam "SK Advisory Invest Baden"]

1. e4 e5 2. Nf3 Nc6 3. Bb5 a6 4. Ba4 Nf6 5. O-O Be7 6. Re1 b5 7. Bb3 d6 8. c3
O-O 9. h3 Na5 10. Bc2 c5 11. d4 Qc7 12. Nbd2 cxd4 13. cxd4 Rd8 14. d5 Bd7 15.
Nf1 Rdc8 16. Bd3 Nb7 17. Ng3 Nc5 18. Bf1 Bd8 19. b3 Qa7 20. Nh2 Ba5 21. Bd2
Bxd2 22. Qxd2 a5 23. Kh1 b4 24. f4 Re8 25. Nf3 exf4 26. Qxf4 Qb6 27. Bc4 a4 28.
Rad1 1/2-1/2

[Event "1. Bl. 0607"]
[Site "?"]
[Date "2006.11.04"]
[Round "2.2"]
[White "Siebrecht, Sebastian"]
[Black "Dizdar, Goran"]
[Result "1/2-1/2"]
[WhiteElo "2457"]
[BlackElo "2541"]
[PlyCount "112"]
[EventDate "2006.11.03"]
[EventType "team"]
[EventRounds "11"]
[EventCountry "AUT"]
[WhiteTeam "SK Advisory Invest Baden"]
[BlackTeam "SpG Absam / ISK"]

1. d4 Nf6 2. Nf3 e6 3. c4 d5 4. Nc3 Bb4 5. cxd5 exd5 6. Bg5 h6 7. Bh4 c5 8. e3
g5 9. Bg3 Ne4 10. Bb5+ Kf8 11. O-O Bxc3 12. bxc3 c4 13. Ba4 Nxc3 14. Qe1 Nxa4
15. Qb4+ Kg7 16. Qxa4 Bf5 17. Qb4 b6 18. a4 Nc6 19. Qb2 f6 20. Nd2 Qe7 21. Qb5
Nb4 22. Rab1 Bxb1 23. Nxb1 Rhb8 24. Bxb8 Rxb8 25. a5 a6 26. Qa4 b5 27. Qd1 Rd8
28. Nc3 Nd3 29. Qf3 Qe6 30. e4 dxe4 31. Nxe4 Rxd4 32. Ng3 Nf4 33. Qb7+ Qd7 34.
Qxa6 Rd1 35. h3 Rxf1+ 36. Nxf1 c3 37. Ne3 h5 38. Kh2 Nd5 39. Nc2 b4 40. Qc4 h4
41. Kg1 Qf5 42. Nd4 Qe4 43. f3 Qe1+ 44. Kh2 Ne3 45. Qe2 Qd2 46. Qxe3 Qxe3 47.
Nf5+ Kg6 48. Nxe3 b3 49. a6 c2 50. Nxc2 bxc2 51. a7 c1=Q 52. a8=Q Qf4+ 53. Kg1
Qc1+ 54. Kh2 Qf4+ 55. Kg1 Qc1+ 56. Kh2 Qf4+ 1/2-1/2

[Event "1. Bl. 0607"]
[Site "?"]
[Date "2006.11.04"]
[Round "2.4"]
[White "Lendwai, Reinhard"]
[Black "Pilz, Dieter"]
[Result "1/2-1/2"]
[WhiteElo "2428"]
[BlackElo "2325"]
[PlyCount "90"]
[EventDate "2006.11.03"]
[EventType "team"]
[EventRounds "11"]
[EventCountry "AUT"]
[WhiteTeam "SK Advisory Invest Baden"]
[BlackTeam "SpG Absam / ISK"]

1. e4 e5 2. Bc4 Nc6 3. Nf3 Nf6 4. d3 Bc5 5. c3 Bb6 6. Bb3 d6 7. O-O h6 8. Nbd2
a6 9. Nc4 Ba7 10. Ne3 O-O 11. Nh4 Be6 12. Nhf5 Ne7 13. Qf3 Nxf5 14. Nxf5 Kh8
15. g4 Nh7 16. Qg3 Re8 17. Bc2 Qf6 18. Kh1 g5 19. Qh3 Bxf5 20. gxf5 Rg8 21. Bb3
Raf8 22. Bd2 Rg7 23. Rae1 Rfg8 24. Re2 Nf8 25. Rg1 Rh7 26. Qh5 Rgg7 27. Rg3 Nd7
28. h3 Qe7 29. Kg2 Nf6 30. Qf3 Rg8 31. Re1 Rhg7 32. Rh1 h5 33. Kf1 h4 34. Rg2
Nh7 35. Qh5 Rf8 36. Rhg1 f6 37. Rg4 c6 38. R1g2 b5 39. Be6 Rd8 40. c4 Bd4 41.
b3 Ra8 42. Ke2 Rb8 43. Rg1 b4 44. Rb1 a5 45. Rgg1 Qa7 1/2-1/2

[Event "1. Bl. 0607"]
[Site "?"]
[Date "2006.11.04"]
[Round "2.5"]
[White "Gerhold, Michael"]
[Black "Baumegger, Siegfried"]
[Result "0-1"]
[WhiteElo "2218"]
[BlackElo "2418"]
[PlyCount "120"]
[EventDate "2006.11.03"]
[EventType "team"]
[EventRounds "11"]
[EventCountry "AUT"]
[WhiteTeam "SpG Absam / ISK"]
[BlackTeam "SK Advisory Invest Baden"]

1. Nf3 d5 2. d4 Nf6 3. c4 dxc4 4. e3 Bg4 5. Bxc4 e6 6. Nc3 Nbd7 7. h3 Bh5 8. g4
Bg6 9. Nh4 Be4 10. Nxe4 Nxe4 11. Nf3 h5 12. Bd3 Ng5 13. Nxg5 Qxg5 14. Be4 c6
15. f4 Qh4+ 16. Kd2 Nf6 17. Bf3 Qf2+ 18. Kd3 hxg4 19. hxg4 Rxh1 20. Qxh1 c5 21.
Bd2 c4+ 22. Kc2 Bb4 23. Qg2 Qxg2 24. Bxg2 Bxd2 25. Kxd2 Nxg4 26. Bxb7 Rb8 27.
Bc6+ Ke7 28. Rg1 Rxb2+ 29. Kc3 Rb6 30. Rxg4 Rxc6 31. Rxg7 Ra6 32. Kxc4 Rxa2 33.
Kd3 a5 34. Rg8 Ra3+ 35. Kd2 Ra2+ 36. Kd3 Ra3+ 37. Kd2 a4 38. Ra8 Ra1 39. Ra5 a3
40. Kc2 Kd6 41. e4 a2 42. Kb2 Rf1 43. Rxa2 Rxf4 44. Ra7 Rxe4 45. Rxf7 Rxd4 46.
Kc3 Rd1 47. Rf4 Kd5 48. Rg4 Ke5 49. Rh4 Kf5 50. Kc2 Rd8 51. Kc3 e5 52. Kc2 e4
53. Rh1 Kg4 54. Rf1 Kg3 55. Kc1 e3 56. Rf7 e2 57. Rg7+ Kf2 58. Rf7+ Ke1 59. Rc7
Rf8 60. Rc6 Kf1 0-1

[Event "1. Bl. 0607"]
[Site "?"]
[Date "2006.11.04"]
[Round "2.6"]
[White "Miniboeck, Guenter"]
[Black "Ferrari, Josef"]
[Result "1-0"]
[WhiteElo "2344"]
[BlackElo "2150"]
[PlyCount "51"]
[EventDate "2006.11.03"]
[EventType "team"]
[EventRounds "11"]
[EventCountry "AUT"]
[WhiteTeam "SK Advisory Invest Baden"]
[BlackTeam "SpG Absam / ISK"]

1. d4 d5 2. c4 e6 3. Nc3 c5 4. cxd5 exd5 5. Nf3 Nc6 6. g3 Nf6 7. Bg2 Be7 8. O-O
cxd4 9. Nxd4 O-O 10. Bg5 h6 11. Be3 Re8 12. Rc1 Bg4 13. h3 Be6 14. Kh2 Qd7 15.
Qc2 Rac8 16. Rfd1 Bb4 17. Qa4 Nxd4 18. Qxb4 Rc4 19. Qa5 Nc6 20. Qa3 b5 21. Nxb5
Ne5 22. Nc3 d4 23. b3 Qc8 24. Bxd4 Rxd4 25. Rxd4 Nc6 26. Nb5 1-0

[Event "1. Bl. 0607"]
[Site "?"]
[Date "2006.11.04"]
[Round "2.1"]
[White "Pavasovic, Dusko"]
[Black "Bokros, Albert"]
[Result "1-0"]
[WhiteElo "2575"]
[BlackElo "2465"]
[PlyCount "57"]
[EventDate "2006.11.03"]
[EventType "team"]
[EventRounds "11"]
[EventCountry "AUT"]
[WhiteTeam "SK KlZtg MPOe Maria Saal"]
[BlackTeam "SK Leoben"]

1. e4 c5 2. Nf3 e6 3. c3 Nf6 4. e5 Nd5 5. Bc4 Nc6 6. d4 cxd4 7. cxd4 d6 8. Qe2
Be7 9. O-O O-O 10. Qe4 Qc7 11. Re1 Bd7 12. Bg5 Ncb4 13. Nbd2 Bc6 14. a3 Nb6 15.
Qh4 N4d5 16. Bd3 h6 17. Bxe7 Nxe7 18. Rac1 dxe5 19. dxe5 Rad8 20. Bb1 Qd7 21.
Ne4 Nf5 22. Nf6+ gxf6 23. Bxf5 exf5 24. Qxh6 fxe5 25. Qg5+ Kh8 26. Qh5+ Kg8 27.
Nxe5 Qd5 28. Nxc6 bxc6 29. Qg5+ 1-0

[Event "1. Bl. 0607"]
[Site "?"]
[Date "2006.11.04"]
[Round "2.4"]
[White "Schade, Wolfgang"]
[Black "Tratar, Marko"]
[Result "0-1"]
[WhiteElo "2206"]
[BlackElo "2478"]
[PlyCount "49"]
[EventDate "2006.11.03"]
[EventType "team"]
[EventRounds "11"]
[EventCountry "AUT"]
[WhiteTeam "SK Leoben"]
[BlackTeam "SK KlZtg MPOe Maria Saal"]

1. e4 c5 2. Nc3 Nc6 3. g3 g6 4. Bg2 Bg7 5. f4 d6 6. Nf3 e5 7. d3 Nge7 8. O-O
O-O 9. Be3 b6 10. Qd2 Bb7 11. f5 gxf5 12. Bh6 fxe4 13. dxe4 Nd4 14. Nh4 f6 15.
Bxg7 Kxg7 16. Rf2 Rf7 17. Raf1 Ba6 18. Re1 Bc8 19. Nd1 Be6 20. Ne3 Qd7 21. c3
Nb5 22. b3 Nc7 23. Rd1 Rd8 24. Qe2 Qe8 25. Rdf1 0-1

[Event "1. Bl. 0607"]
[Site "?"]
[Date "2006.11.04"]
[Round "2.5"]
[White "Diermair, Andreas"]
[Black "Kreisl, Robert"]
[Result "1-0"]
[WhiteElo "2391"]
[BlackElo "2289"]
[PlyCount "73"]
[EventDate "2006.11.03"]
[EventType "team"]
[EventRounds "11"]
[EventCountry "AUT"]
[WhiteTeam "SK KlZtg MPOe Maria Saal"]
[BlackTeam "SK Leoben"]

1. e4 c6 2. d4 d5 3. Nc3 dxe4 4. Nxe4 Bf5 5. Ng3 Bg6 6. h4 h6 7. Nf3 Nd7 8. h5
Bh7 9. Bd3 Bxd3 10. Qxd3 Ngf6 11. Bf4 e6 12. O-O-O Be7 13. Kb1 O-O 14. Rhe1 Qa5
15. Ne5 Nxe5 16. dxe5 Rad8 17. Qe2 Nd5 18. Bd2 Qc7 19. f4 Bh4 20. Qg4 Bxg3 21.
Qxg3 Ne7 22. Qf2 b6 23. g4 f5 24. exf6 Rxf6 25. Qe2 Qc8 26. g5 hxg5 27. fxg5
Rf5 28. g6 Rd6 29. c4 c5 30. Bc3 Rxd1+ 31. Rxd1 Nc6 32. h6 gxh6 33. Qh2 h5 34.
Qd2 Nd4 35. Bxd4 cxd4 36. Qxd4 Qc5 37. Qd7 1-0